| 000 | 00787nam a2200205 a 4500 | ||
|---|---|---|---|
| 008 | 090324s2003 ||||||||||||||||| || u | ||
| 020 | _a1558609008 | ||
| 050 | _aTK 5105.88813 Jav | ||
| 100 | _aMcGovern, James | ||
| 245 | 1 | 0 |
_aJava web services architecture _cby James McGovern...[and others] |
| 260 |
_aSan Francisco, CA: _bMorgan Kaufmann _c2003 |
||
| 300 | _axxii, 833p.: ill + CD-ROM | ||
| 350 | _a0.00 | ||
| 500 | _aAccompanied by a CD-ROM.(See Cybrary staff) | ||
| 650 | _aJAVA (COMPUTER PROGRAM LANGUAGE) | ||
| 650 | _aWEB SERVICES | ||
| 650 | _aCOMPUTING | ||
| 650 | 0 | _aCOMPUTER ARCHITECTURE | |
| 995 |
_D0.00 _FCBU-MAIN LIBRARY (Kitwe) _H1 _I0.00 _M1 _UAVAILABLE _WApr 29, 2009 _ZMain Library Open Access Collection |
||
| 999 |
_c48453 _d48453 |
||